Lista oficial de los buques de guerra y mercantes de la marina española. (Record n. 29500)

Dettagli MARC
000 -LEADER
fixed length control field 02760nas a2200433 i 4500
003 - CONTROL NUMBER IDENTIFIER
control field IT-RoINE
005 - DATE AND TIME OF LATEST TRANSACTION
control field 20191025055408.0
008 - FIXED-LENGTH DATA ELEMENTS--GENERAL INFORMATION
fixed length control field 060802d187u194usp ar f0uuub0spa d
022 0# - INTERNATIONAL STANDARD SERIAL NUMBER
International Standard Serial Number 1886-7308
040 ## - CATALOGING SOURCE
Original cataloging agency SpMaBN
Language of cataloging spa
Transcribing agency SpMaBN IT-RoINE
Description conventions rdc
Modifying agency IT-RoINE
210 0# - ABBREVIATED TITLE
Abbreviated title Lista of. buques guerra merc. mar. esp.
245 00 - TITLE STATEMENT
Title Lista oficial de los buques de guerra y mercantes de la marina española.
246 3# - VARYING FORM OF TITLE
Title proper/short title Lista oficial de los buques de guerra y mercantes de más de 50 toneladas de la marina española
246 3# - VARYING FORM OF TITLE
Title proper/short title Lista oficial de los buques de guerra y de los mercantes desde 20 toneladas de la marina española
246 3# - VARYING FORM OF TITLE
Title proper/short title Lista oficial de buques de la marina militar y mercante española desde 20 toneladas
246 3# - VARYING FORM OF TITLE
Title proper/short title Lista oficial de buques de las marinas militar y civil españolas de 20 toneladas
246 3# - VARYING FORM OF TITLE
Title proper/short title Lista oficial de buques de las marinas militar, mercante y pesquera españolas desde 20 toneladas
246 3# - VARYING FORM OF TITLE
Title proper/short title Lista oficial de los buques de guerra y mercantes de la marina española con sus señales distintivas correspondientes según el código internacional de señales.
260 ## - PUBLICATION, DISTRIBUTION, ETC. (IMPRINT)
Place of publication, distribution, etc Madrid :
Name of publisher, distributor, etc Depósito Hidrográfico.
300 ## - PHYSICAL DESCRIPTION
Extent v. ;
Dimensions 25 cm.
336 ## - CONTENT TYPE
Source rdacontent
Content type term text
337 ## - MEDIA TYPE
Source rdamedia
Media type term unmediated
338 ## - CARRIER TYPE
Source rdacarrier
Carrier type term volume
362 1# - DATES OF PUBLICATION AND/OR SEQUENTIAL DESIGNATION
Dates of publication and/or sequential designation Comenzó en 1871?
500 ## - GENERAL NOTE
General note Sutít. (<1871-1880>): apéndice al Código internacional de señales.
500 ## - GENERAL NOTE
General note Variaciones en el tít.: Lista oficial de los buques de guerra y mercantes de más de 50 toneladas de la marina española; Lista oficial de los buques de guerra y de los mercantes desde 20 toneladas de la marina española; Lista oficial de buques de la marina militar y mercante española desde 20 toneladas; Lista oficial de buques de las marinas militar y civil españolas desde 20 toneladas; Lista oficial de buques de las marinas militar, mercante y pesquera españolas desde 20 toneladas.
500 ## - GENERAL NOTE
General note El año 1936 es un suplemento al año 1935.
525 ## - SUPPLEMENT NOTE
Supplement note Algunos volúmenes acompañados por suplumentos.
550 ## - ISSUING BODY NOTE
Issuing body note Edita: (<1871>) Depósito Hidrográfico; (<1873-1880>) Dirección de Hidrografía; (<1908>-1933) Ministerio de Marina; (1934-<1935>) Subsecretaría de la Marina Civil.
650 #4 - SUBJECT ADDED ENTRY--TOPICAL TERM
Topical term or geographic name as entry element Barcos de guerra
Geographic subdivision España
Form subdivision Publicaciones periódicas
9 (RLIN) 57794
650 #4 - SUBJECT ADDED ENTRY--TOPICAL TERM
Topical term or geographic name as entry element Barcos mercantes
Geographic subdivision España
Form subdivision Publicaciones periódicas
9 (RLIN) 57795
710 1# - ADDED ENTRY--CORPORATE NAME
Corporate name or jurisdiction name as entry element España.
Subordinate unit Depósito Hidrográfico
9 (RLIN) 57796
710 1# - ADDED ENTRY--CORPORATE NAME
Corporate name or jurisdiction name as entry element España.
Subordinate unit Dirección de Hidrografía
9 (RLIN) 57797
710 1# - ADDED ENTRY--CORPORATE NAME
Corporate name or jurisdiction name as entry element España.
Subordinate unit Ministerio de Marina
9 (RLIN) 77
710 1# - ADDED ENTRY--CORPORATE NAME
Corporate name or jurisdiction name as entry element España.
Subordinate unit Subsecretaría de la Marina Civil
9 (RLIN) 57798
785 00 - SUCCEEDING ENTRY
Record control number bise0000179711
Title Lista oficial de buques
International Standard Serial Number 1138-0594
866 ## - TEXTUAL HOLDINGS--BASIC BIBLIOGRAPHIC UNIT
Textual string (1929)1930.
Nonpublic note 2 fasc. (0,02 m)
942 ## - ADDED ENTRY ELEMENTS (KOHA)
Item type Revistas y otros recursos
Dati di copia
Withdrawn status Lost status Damaged status Not for loan Home library Current library Shelving location Date acquired Serial Enumeration / chronology Total Checkouts Full call number Barcode Date last seen Price effective from Koha item type Public note
        Iglesia Nacional Española en Roma Iglesia Nacional Española en Roma Depósito 11/03/2019 1930   Depósito Per.302 55425 11/03/2019 11/03/2019 Revistas y otros recursos  
        Iglesia Nacional Española en Roma Iglesia Nacional Española en Roma Depósito 25/10/2019 1929   Depósito Per.302 59529 25/10/2019 25/10/2019 Revistas y otros recursos Suplemento.